| 000 | 00525nam a22001697a 4500 | ||
|---|---|---|---|
| 005 | 20251108164344.0 | ||
| 008 | 250721s1990 xx 000 0 ara d | ||
| 082 | 1 | 4 | _a398.21/يوس |
| 100 | 1 | _aالشاروني، يوسف | |
| 245 | 1 | 0 |
_aعجائب الهند : _bمن قصص الملاحة العربية / |
| 264 | 1 |
_aلندن : _bرياض الريس للكتب و النشر، _c1990. |
|
| 300 | _a188ص | ||
| 650 | 1 | 7 | _aالهند |
| 650 | 1 | 7 | _aالرحلات الجغرافية |
| 942 |
_2ddc _cBK |
||
| 999 |
_c10121 _d10121 |
||